De grote wandschildering in de Villa dei misteri bij Pompeii en haar verhouding tot de monumenten der vroegere kunst /

Bibliographic Details
Main Author: Houtzager, Jacobus, 1918-
Format: Thesis Book
Language:Dutch
Published: 's-Gravenhage : [publisher not identified], 1963.
Subjects:

MARC

Tag First Indicator Second Indicator Subfields
LEADER 00000cam a2200000 i 4500
001 in00000007319
005 20151005070014.0
008 810320s1963 ne af b 00110 dut
010 |a  81456892  
035 |a (OCoLC)07555866 
035 |9 AAA1807AM 
040 |a DLC  |c DLC  |d m.c.  |d TXA  |d UtOrBLW 
041 0 |a dut  |b eng 
043 |a e-it--- 
049 |a TXAM  |c [A12560534] 
050 0 0 |a ND2575  |b .H68 
082 0 |a 751.7/3/09377  |2 19 
100 1 |a Houtzager, Jacobus,  |d 1918- 
245 1 3 |a De grote wandschildering in de Villa dei misteri bij Pompeii en haar verhouding tot de monumenten der vroegere kunst /  |c door Jacobus Houtzager. 
264 1 |a 's-Gravenhage :  |b [publisher not identified],  |c 1963. 
300 |a vi, 142 pages, 25 unnumbered leaves of plates (some folded) :  |b illustrations ;  |c 24 cm. 
336 |a text  |b txt  |2 rdacontent 
337 |a unmediated  |b n  |2 rdamedia 
338 |a volume  |b nc  |2 rdacarrier 
502 |c Leyden. 
500 |a Summary in English. 
504 |a Bibliography: pages 120-129. 
500 |a Includes index. 
500 |a "Stellingen" leaf inserted. 
650 0 |a Mural painting and decoration, Greco-Roman  |z Italy  |z Pompeii (Ancient city) 
650 0 |a Dionysia in art. 
610 1 0 |a Pompeii (Extinct city).  |b Villa dei misteri dionisiaci. 
999 |a MARS 
999 f f |s 193aa89c-281c-3aaa-ad04-766ea5e5e334  |i b6ee0e04-6192-3600-8654-70da7ebde628  |t 0 
952 f f |p ric  |a Texas A&M University  |b Rellis Campus  |c Joint Library Facility  |d Remote Storage  |t 0  |e ND2575 .H68  |h Library of Congress classification  |i unmediated -- volume  |m A14812560534 
998 f f |a ND2575 .H68  |t 0  |l Remote Storage